Normal view
MARC view
- القانون الدولي الانساني
Entry Topical Term
001 - CONTROL NUMBER
- control field: 34352
003 - CONTROL NUMBER IDENTIFIER
- control field: JO-AjAnu
005 - DATE AND TIME OF LATEST TRANSACTION
- control field: 20230606075745.0
008 - FIXED-LENGTH DATA ELEMENTS
- fixed length control field: 230606|| aca||aabn | a|a d
040 ## - CATALOGING SOURCE
- Original cataloging agency: JO-AjAnu
- Transcribing agency: JO-AjAnu
150 ## - HEADING--TOPICAL TERM
- Topical term or geographic name entry element: القانون الدولي الانساني
670 ## - SOURCE DATA FOUND
- Source citation: Work cat.: (JO-AjAnu)17645: بندق، انور, author 34351, موسوعة القانون الدولي الانساني : مع نصوص القانون الاسلامي في هذا المجال